US CAPITALS - Statistics

General Stats
  • This quiz has been taken 14 times
  • The average score is 27 of 50
Answers on the Map
Answers color-coded by a green-red scale on the quiz's map according to % correct below.
 
Answer Stats
Answer % Correct
Juneau
100%
Atlanta
91%
Honolulu
91%
Salt Lake City
91%
Tallahassee
91%
Austin
82%
Phoenix
82%
Albany
73%
Baton Rouge
73%
Annapolis
64%
Augusta
64%
Boise
64%
Carson City
64%
Denver
64%
Lansing
64%
Nashville
64%
Oklahoma City
64%
Olympia
64%
Raleigh
64%
Columbus
55%
Des Moines
55%
Dover
55%
Montgomery
55%
Salem
55%
Santa Fe
55%
Topeka
55%
Bismarck
45%
Charleston
45%
Cheyenne
45%
Columbia
45%
Harrisburg
45%
Hartford
45%
Indianapolis
45%
Jackson
45%
Little Rock
45%
Madison
45%
St.Paul
45%
Trenton
45%
Boston
36%
Frankfort
36%
Jefferson City
36%
Lincoln
36%
Montpelier
36%
Pierre
36%
Providence
36%
Richmond
36%
Sacremento
36%
Springfield
36%
Concord
27%
Helana
9%
No matching quizzes found
Score Distribution
Percent of People with Each Score
Percentile by Number Answered
Your Score History
You have not taken this quiz